Schwerin - Stadtteile - Statistiken

Allgemein
  • Dieses Quiz wurde 23 mal gespielt
  • Das Durchschnittsergebnis liegt bei 12 aus 26
Antwortstatistiken
Ortsteil Stadtteil % Korrekt
7 Lankow
100%
2 Altstadt
73%
8 Weststadt
73%
13 Neumühle
67%
1 Schelfstadt
60%
6 Gartenstadt
53%
3 Großer Dreesch
53%
9 Krebsförden
53%
2 Paulsstadt
53%
16 Zippendorf
53%
11 Görries
47%
17 Mueß
47%
5 Mueßer Holz
47%
6 Ostorf
47%
1 Werdervorstadt
47%
2 Feldstadt
40%
13 Sacktannen
40%
10 Wüstmark
40%
12 Friedrichsthal
33%
4 Neu Zippendorf
33%
14 Warnitz
33%
10 Göhrener Tannen
27%
2 Lewenberg
27%
15 Medewege
20%
1 Schelfwerder
7%
15 Wickendorf
7%
Keine übereinstimmenden Quizze gefunden
Verteilung der Resultate
Anzahl Personen mit jedem Resultat
Perzentil nach korrekt beantworteten Fragen
Ihre Resultats-Entwicklung
Sie haben dieses Quiz noch nicht gespielt